Guess my Top 10 songs - Statistics

General Stats
  • This quiz has been taken 16 times
  • The average score is 6 of 10
Answer Stats
Made By Song % Correct
John Lennon Imagine
100%
Don Mclean American Pie
83%
Queen Bohemian Rhapsody
75%
Nirvana Smells Like Teen Spirit
75%
Led Zeppelin Stairway To Heaven
75%
Micheal Jackson Billie Jean
58%
Metalica Enter Sandman
58%
Billy Joel Vienna
42%
Elton John Goodbye Yellow Brick Road
33%
Billy Joel Scenes From An Italian Restaurant
33%
No matching quizzes found
Score Distribution
Percent of People with Each Score
Percentile by Number Answered
Your Score History
You have not taken this quiz